Pred odvetami s maximálnym ziskom C-skupina kvalifikácie ME 2003 basketbalistiek: Slovensko-Lotyšsko 100:64 (20:19, 43:31, 76:54)

Bibliographic Details
Main Authors: Grosmann, Tomáš (Author), Riša, Roman (Author)
Format: Article
Language:Slovak
PhysicalDescription:Fotogr.
ISSN:0139-7001
Subjects:

MARC

LEADER 00000nab a2200000 a 4500
001 vtls000777148
003 SK-MaSNL
005 20260302152743.0
008 180206c2001 xo 0 slo
015 |a SNBRB2001/12-35225 
035 |a CLN000128934 
040 |a SNKBUCL  |b slo  |c SNKBUCL  |e AACR2 
041 0 |a slo 
044 |a xo  |c SK 
080 |a 796.323.093.1  |2 UDC-MRF-SK2 
100 1 |a Grosmann, Tomáš  |4 aut  |9 5355 
245 1 0 |a Pred odvetami s maximálnym ziskom  |b C-skupina kvalifikácie ME 2003 basketbalistiek: Slovensko-Lotyšsko 100:64 (20:19, 43:31, 76:54)  |c Tomáš Grosmann, Roman Riša 
300 |b Fotogr. 
650 0 7 |a basketbal  |x ženy  |x Slovensko-Lotyšsko  |z Myjava (Slovensko)  |y 2001  |2 snkbucl  |9 846656 
655 7 |a články z novín a časopisov  |2 snkbucl  |9 267496 
700 1 |a Riša, Roman  |4 aut  |9 329106 
773 0 |x 0139-7001  |t Šport  |g Roč. 55, č. 274 (29.11.2001), s. 2 
850 |a Slovenská národná knižnica v Martine 
852 |a SNK  |b KIS3GCP 
958 |a RBX 
999 |c 1363370  |d 1365300